[Event "Ostfold-ch"]
[Site "Moss"]
[Date "2003.03.02"]
[Round "6"]
[White "Andersen, Jonathan Mjelde"]
[Black "Henriksen, Thorbjorn"]
[Result "0-1"]
[WhiteElo "714"]
[BlackElo "1088"]
[PlyCount "20"]
[EventDate "2003.03.01"]
[EventType "swiss"]
[EventRounds "6"]
[EventCountry "NOR"]
[SourceTitle "EXT 2008"]
[Source "ChessBase"]
[SourceDate "2007.11.25"]
[SourceVersion "1"]
[SourceVersionDate "2007.11.25"]
[SourceQuality "1"]

1. e4 e5 2. Nf3 Nc6 3. Bc4 Nd4 4. Nxe5 Qg5 5. Nxf7 Qxg2 6. Nxh8 Qxh1+ 7. Bf1 Qxe4+ 8. Be2 d6 9. d3 Nf3+ 10. Kf1 Bh3# 0-1